Az eltűnt sokféleség nyomában
Elmentve itt :
| Szerző: | |
|---|---|
| Adatforrás: | Meister |
| Forrásdokumentuma: | A Hét. - 12 sz., 1994, 5 p. |
| Nyelv: | magyar |
| Kulcsszavak: | tudománytörténet evolucionizmus biológia WILSON Edward O. PALMER Thomas DARWIN Charles JUHÁSZ-NAGY Pál |
| LEADER | 00506nab a2200193 i 4500 | ||
|---|---|---|---|
| 001 | bibPRO00005607 | ||
| 008 | 060524s1994 xx hun | ||
| 040 | |a Sz1 | ||
| 041 | |a hun | ||
| 100 | 1 | |a BAKK Miklós | |
| 245 | 1 | 3 | |a Az eltűnt sokféleség nyomában |c BAKK Miklós |
| 695 | |a tudománytörténet | ||
| 695 | |a evolucionizmus | ||
| 695 | |a biológia | ||
| 695 | |a WILSON Edward O. | ||
| 695 | |a PALMER Thomas | ||
| 695 | |a DARWIN Charles | ||
| 695 | |a JUHÁSZ-NAGY Pál | ||
| 773 | 0 | |t A Hét. - |g 12 sz., 1994, 5 p. | |